El portal misterioso /

Julieta se acaba de mudar a una nueva casa con sus padres y su hermanita Natalia. Es una casa grande y antigua, donde va a tener un cuarto para ella sola y un jardín para jugar con su prima...Sin embargo, hay "algo" allí que no le gusta...Ni a ella, ni a Mati. ¿Serán las huellas de la seño...

Descripción completa

Guardado en:
Autor Principal: Rice, Allan P.
Formato: Libro
Idioma:Spanish
Publicado: Buenos Aires : Genios, 1999.
Series:Suspenso a la medianoche ; 3
Materias:
Etiquetas: Agregar Etiqueta
Sin Etiquetas, Sea el primero en etiquetar este registro!
LEADER 01079nam a22002175a 4500
001 CEM.cems024283
008 240826s1999####ag############000#0#spa#d
005 20240826183326.0
245 1 0 |a El portal misterioso /  |c Allan P. Rice. 
260 |a Buenos Aires :  |b Genios,  |c 1999. 
300 |a 64 p. 
490 1 |a Suspenso a la medianoche ;  |v 3 
520 |a Julieta se acaba de mudar a una nueva casa con sus padres y su hermanita Natalia. Es una casa grande y antigua, donde va a tener un cuarto para ella sola y un jardín para jugar con su prima...Sin embargo, hay "algo" allí que no le gusta...Ni a ella, ni a Mati. ¿Serán las huellas de la señora Bruga, la siniestra mujer que les vendió la casa? ¿O acaso lo que se cuenta de ella? ¿Qué habrá en ese arcón olvidado que nadie es capaz de mover? 
020 |a 9507820450 
100 1 |a Rice, Allan P. 
082 0 4 |a 818.5 
653 |a Novela de terror 
653 |a Novela juvenil 
653 |a Literatura estadounidense 
653 |a Novela estadounidense 
859 |a CEMS  |b BIB. CEMS - Inicial y Primaria  |h 818.5  |i R36-1  |k IP  |p 2322  |t Ej.1